Logo BPK

Bibliografia Prac Pracowników

Politechniki Koszalińskiej

Popłuczyny z uzdatniania wody podziemnej - źródło żelaza odpadowego / (Rekord nr 8928)

Szczegóły MARC
000 -ETYKIETA REKORDU
podpole kontrolne o stałej długości 00628naa a2200157 i 4500
001 - NUMER KONTROLNY REKORDU
podpole kontrolne 8928
003 - IDENTYFIKATOR NUMERU KONTROLNEGO REKORDU
podpole kontrolne KOSZ 005
005 - DATA OSTATNIEJ MODYFIKACJI REKORDU
podpole kontrolne 20180410122703.0
008 - POLE O STAŁEJ DŁUGOŚCI - DANE KONTROLNE
podpole kontrolne o stałej długości 180312s2010 pl f |000 0 pol
040 ## - ŹRÓDŁO KATALOGOWANIA
Instytucja, która utworzyła rekord KOSZ 005/HR
Instytucja, która sporządziła opis KOSZ 005/HR
041 ## - KOD JĘZYKA
Kod języka tekstu pol
Kod języka streszczenia lub abstraktu eng
100 1# - NAZWA OSOBOWA
Nazwa osobowa PIASKOWSKI, Krzysztof.
Lata pracy 1998 - .
Instytucja Politechnika Koszalińska - Wydział Inżynierii Lądowej, Środowiska i Geodezji,
Wydział Katedra Technologii Wody i Ścieków
245 10 - TYTUŁ/ODPOWIEDZIALNOŚĆ
Tytuł Popłuczyny z uzdatniania wody podziemnej - źródło żelaza odpadowego /
Pozostałe elementy strefy tytułu i oznaczenia odpowiedzialności Krzysztof Piaskowski.
773 0# - TYTUŁ DOKUMENTU MACIERZYSTEGO
Wyrażenie wprowadzające W :
Tytuł Technologia Wody. -
Informacje dotyczące relacji 2010, nr 3, s. 26-38
ISSN 2080-1467
942 ## - HASŁO DODATKOWE - ELEMENTY(KOHA)
Typ dokumentu Artykuł
Schemat klasyfikacji Uniwersalna klasyfikacja dziesiętna

Brak dostępnych egzemplarzy.

© 2014 Biblioteka Politechniki Koszalińskiej :: BIBLIOGRAFIA PRAC PRACOWNIKÓW